| 000 | 00537cam a2200181 i 4500 | ||
|---|---|---|---|
| 999 |
_c57753 _d57753 |
||
| 001 | 20232499 | ||
| 005 | 20221108142852.0 | ||
| 008 | 201102s2018 enk||||| |||| 00| 0 eng d | ||
| 020 | _a9781108455206x | ||
| 080 | _a341.24 S-30 | ||
| 100 | 1 |
_aSchütze, Robert _99679 |
|
| 245 | 1 | 0 |
_aEuropean Union law / _cRobert Schütze. |
| 250 | _aSecond edition. | ||
| 264 | 1 |
_aNew York, NY, USA : _bCambridge University Press, _c2018. |
|
| 300 |
_a 916 pages : _billustrations ; _c26 cm. |
||
| 653 | _aსამართალი | ||
| 942 |
_2udc _cBK |
||